Yvan LOSKOUTOFF, Un art de la Réforme catholique. La symbolique du pape Sixte-Quint et des Peretti-Montalto (1566-1655), Paris, Honoré Champion, coll. « Bibliothèque d’histoire moderne et contemporaine », 2011, 597 p., 23,6 × 15,6. (notice n° 1600627)
[ vue normale ]
| 000 -LEADER | |
|---|---|
| fixed length control field | 00676cam a2200145 4500500 |
| 005 - DATE AND TIME OF LATEST TRANSACTION | |
| control field | 20251228083127.0 |
| 041 ## - LANGUAGE CODE | |
| Language code of text/sound track or separate title | fre |
| 042 ## - AUTHENTICATION CODE | |
| Authentication code | dc |
| 100 10 - MAIN ENTRY--PERSONAL NAME | |
| Personal name | Girard, Aurélien |
| Relator term | author |
| 245 00 - TITLE STATEMENT | |
| Title | Yvan LOSKOUTOFF, Un art de la Réforme catholique. La symbolique du pape Sixte-Quint et des Peretti-Montalto (1566-1655), Paris, Honoré Champion, coll. « Bibliothèque d’histoire moderne et contemporaine », 2011, 597 p., 23,6 × 15,6. |
| 260 ## - PUBLICATION, DISTRIBUTION, ETC. | |
| Date of publication, distribution, etc. | 2015.<br/> |
| 500 ## - GENERAL NOTE | |
| General note | 65 |
| 786 0# - DATA SOURCE ENTRY | |
| Note | Dix-septième siècle | 266 | 1 | 2015-02-01 | p. 157b-189b | 0012-4273 |
| 856 41 - ELECTRONIC LOCATION AND ACCESS | |
| Uniform Resource Identifier | <a href="https://shs.cairn.info/revue-dix-septieme-siecle-2015-1-page-157b?lang=fr&redirect-ssocas=7080">https://shs.cairn.info/revue-dix-septieme-siecle-2015-1-page-157b?lang=fr&redirect-ssocas=7080</a> |
Pas d'exemplaire disponible.




Réseaux sociaux